[Event "DSOL 03 Liga Gr-B 1st"]
[Site "Playchess.com INT"]
[Date "2020.07.16"]
[Round "4.1"]
[White "Soergel, Thomas"]
[Black "Wiest, Leonhard"]
[Result "0-1"]
[WhiteElo "1946"]
[BlackElo "2040"]
[PlyCount "124"]
[EventDate "2020.06.22"]
[EventType "team-tourn (rapid)"]
[EventCountry "GER"]
[SourceTitle "EXT 2021"]
[Source "ChessBase"]
[SourceDate "2020.10.23"]
[SourceVersion "1"]
[SourceVersionDate "2020.10.23"]
[SourceQuality "1"]
[WhiteTeam "Graefelfing"]
[BlackTeam "Dachau"]
[WhiteTeamCountry "GER"]
[BlackTeamCountry "GER"]

1. c4 f5 2. Nc3 Nf6 3. d4 g6 4. g3 Bg7 5. Bg2 d6 6. Nh3 c6 7. 0-0 0-0 8. b4 e5 9. dxe5 dxe5 10. Qb3 Qe7 11. b5 e4 12. Ba3 c5 13. Nf4 b6 14. Ncd5 Nxd5 15. Nxd5 Qf7 16. Rad1 Be6 17. Bb2 Nd7 18. Bxg7 Kxg7 19. Qc3+ Nf6 20. e3 Rad8 21. Nxf6 Qxf6 22. Qc2 Qf7 23. Rxd8 Rxd8 24. Rc1 Qd7 25. Qb2+ Kf7 26. Bf1 Qd2 27. Qxd2 Rxd2 28. a3 Ra2 29. Rc3 Kf6 30. h4 h6 31. Bg2 Ra1+ 32. Kh2 Rd1 33. g4 Rd3 34. Rc2 Rxa3 35. gxf5 gxf5 36. Bf1 Ke5 37. Be2 f4 38. exf4+ Kxf4 39. Kg2 Bg4 40. Bxg4 Kxg4 41. Re2 Kf4 42. Rc2 h5 43. Rc1 e3 44. fxe3+ Kxe3 45. Re1+ Kd4 46. Re7 Kxc4 47. Re5 Kxb5 48. Rxh5 Kb4 49. Rf5 Rd3 50. h5 Rd6 51. Kg3 a5 52. Kg4 a4 53. Kg5 a3 54. h6 Rd1 55. Rf4+ c4 56. h7 Rd8 57. Rg4 a2 58. Rg1 Kb3 59. Kh6 Rh8 60. Kg7 Rxh7+ 61. Kxh7 c3 62. Kg6 Kb2 0-1

[Event "Bezirksliga Oberbayern 1819"]
[Site "Bayern"]
[Date "2019.04.07"]
[Round "9.4"]
[White "Soergel, Thomas"]
[Black "Wurster, Axel"]
[Result "1/2-1/2"]
[WhiteElo "1949"]
[BlackElo "1941"]
[PlyCount "128"]
[EventDate "2018.10.21"]
[EventType "team-tourn"]
[EventRounds "9"]
[EventCountry "GER"]
[SourceTitle "EXT 2022"]
[Source "ChessBase"]
[SourceDate "2021.10.06"]
[SourceVersion "1"]
[SourceVersionDate "2021.10.06"]
[SourceQuality "1"]
[WhiteTeam "Graefelfing SK"]
[BlackTeam "Gauting"]
[WhiteTeamCountry "GER"]
[BlackTeamCountry "GER"]

1. c4 Nf6 2. Nc3 e6 3. d4 d5 4. Bg5 Be7 5. e3 Nbd7 6. Nf3 c6 7. Rc1 h6 8. Bh4 0-0 9. Bd3 dxc4 10. Bxc4 Nd5 11. Bxe7 Qxe7 12. 0-0 Nxc3 13. Rxc3 e5 14. dxe5 Nxe5 15. Nxe5 Qxe5 16. f4 Qf6 17. e4 Be6 18. e5 Qf5 19. Bd3 Qg4 20. Qb1 Bd5 21. Qc2 Rfe8 22. Bf5 Qh4 23. g3 Qd8 24. a3 Qb6+ 25. Qf2 Qxf2+ 26. Kxf2 Rad8 27. Rd1 g6 28. Bc2 Be6 29. Rxd8 Rxd8 30. Rd3 Rxd3 31. Bxd3 c5 32. Be4 b6 33. Kf3 h5 34. Bc6 Bb3 35. h3 Kf8 36. g4 hxg4+ 37. Kxg4 Be6+ 38. Kg3 Ke7 39. h4 Bf5 40. Bd5 f6 41. Kf3 Bc2 42. Bc4 Bf5 43. Ke3 Bh3 44. Bd3 Kf7 45. Be4 Be6 46. Bf3 Bb3 47. h5 gxh5 48. Bxh5+ Ke7 49. Ke4 fxe5 50. Kxe5 b5 51. f5 a5 52. f6+ Kf8 53. Kd6 b4 54. Kxc5 bxa3 55. bxa3 a4 56. Kb4 Bc2 57. Kc4 Bb3+ 58. Kc3 Kg8 59. Be8 Kf8 60. Bb5 Kf7 61. Kb4 Kxf6 62. Bxa4 Bxa4 63. Kxa4 Ke7 64. Kb5 Kd8 1/2-1/2

[Event "Bezirksliga Oberbayern 1819"]
[Site "Bayern"]
[Date "2018.12.16"]
[Round "4.7"]
[White "Rodriguez Brena, Ismael Valentin"]
[Black "Soergel, Thomas"]
[Result "1/2-1/2"]
[WhiteElo "1827"]
[BlackElo "1949"]
[PlyCount "81"]
[EventDate "2018.10.21"]
[EventType "team-tourn"]
[EventRounds "9"]
[EventCountry "GER"]
[SourceTitle "EXT 2022"]
[Source "ChessBase"]
[SourceDate "2021.10.06"]
[SourceVersion "1"]
[SourceVersionDate "2021.10.06"]
[SourceQuality "1"]
[WhiteTeam "Germering II"]
[BlackTeam "Graefelfing SK"]
[WhiteTeamCountry "GER"]
[BlackTeamCountry "GER"]

1. e4 e6 2. d4 d5 3. Nd2 Nf6 4. e5 Nfd7 5. Bd3 c5 6. c3 Nc6 7. Ne2 Be7 8. 0-0 cxd4 9. cxd4 f5 10. exf6 Bxf6 11. Nf3 0-0 12. Re1 Re8 13. Bf4 Nf8 14. Rc1 Qe7 15. a3 g5 16. Bg3 Qg7 17. Bb5 Bd7 18. Bxc6 Bxc6 19. Ne5 Rec8 20. Ng4 Ng6 21. Nxf6+ Qxf6 22. Nc3 Rf8 23. Qg4 Rae8 24. f3 Qf5 25. Qxf5 exf5 26. Bd6 Rxe1+ 27. Rxe1 Rd8 28. Be5 Kf7 29. Kf2 Re8 30. Bd6 Rxe1 31. Kxe1 Ke6 32. Bb8 a6 33. a4 Nh4 34. Kf2 f4 35. b4 b5 36. axb5 Bxb5 37. Nxb5 axb5 38. g3 fxg3+ 39. hxg3 Nf5 40. Ba7 h5 41. g4 1/2-1/2

[Event "Bezirksliga Oberbayern 1819"]
[Site "Bayern"]
[Date "2018.11.25"]
[Round "3.7"]
[White "Soergel, Thomas"]
[Black "Reith, Hubert"]
[Result "1-0"]
[WhiteElo "1949"]
[BlackElo "1835"]
[PlyCount "81"]
[EventDate "2018.10.21"]
[EventType "team-tourn"]
[EventRounds "9"]
[EventCountry "GER"]
[SourceTitle "EXT 2022"]
[Source "ChessBase"]
[SourceDate "2021.10.06"]
[SourceVersion "1"]
[SourceVersionDate "2021.10.06"]
[SourceQuality "1"]
[WhiteTeam "Graefelfing SK"]
[BlackTeam "Moosburg SC"]
[WhiteTeamCountry "GER"]
[BlackTeamCountry "GER"]

1. c4 e5 2. Nc3 Nf6 3. g3 d5 4. cxd5 Nxd5 5. Bg2 Nb6 6. Nf3 Nc6 7. 0-0 Be7 8. d3 Be6 9. Ne1 0-0 10. f4 f6 11. fxe5 fxe5 12. Rxf8+ Qxf8 13. Nf3 Rd8 14. Be3 Nc4 15. Bf2 Nxb2 16. Qc2 Ba3 17. Nb5 Qb4 18. Nxa3 Qxa3 19. Rb1 Na4 20. Rxb7 Bd5 21. Ng5 Nc3 22. Bxd5+ Rxd5 23. Rxc7 Qc1+ 24. Qxc1 Nxe2+ 25. Kg2 Nxc1 26. Rxc6 Rd8 27. Rxc1 h6 28. Nf3 Rxd3 29. Rc8+ Kh7 30. Nxe5 Rd2 31. Rc7 Rxa2 32. Rxa7 Re2 33. Nd3 Rd2 34. Nf4 Rd6 35. h4 Kg8 36. h5 Rd2 37. Ne6 Re2 38. Rxg7+ Kh8 39. Rg6 Kh7 40. Kf3 Rd2 41. Be3 1-0

[Event "Oberbayern-ch"]
[Site "Groebenzell"]
[Date "2018.05.11"]
[Round "4.8"]
[White "Szalewa, Sven"]
[Black "Soergel, Thomas"]
[Result "1/2-1/2"]
[WhiteElo "2041"]
[BlackElo "1985"]
[PlyCount "60"]
[EventDate "2018.05.10"]
[EventType "swiss"]
[EventRounds "7"]
[EventCountry "GER"]
[SourceTitle "EXT 2022"]
[Source "ChessBase"]
[SourceDate "2021.10.06"]
[SourceVersion "1"]
[SourceVersionDate "2021.10.06"]
[SourceQuality "1"]

1. d4 d5 2. Bf4 Nf6 3. e3 e6 4. Nd2 Bd6 5. Bg3 0-0 6. Bd3 b6 7. Ngf3 Bb7 8. Ne5 Nbd7 9. f4 Ne4 10. c3 f5 11. Ndf3 Ndf6 12. Bh4 Qe8 13. Ng5 h6 14. Nxe4 Nxe4 15. g4 Bxe5 16. dxe5 d4 17. cxd4 Nc5 18. Rg1 Nxd3+ 19. Qxd3 Be4 20. Qe2 Kh7 21. g5 c5 22. gxh6 gxh6 23. Bf6 Rg8 24. Kf2 Qf7 25. dxc5 bxc5 26. Qb5 Rab8 27. Rxg8 Rxg8 28. Rd1 Bd5 29. Rf1 Rg2+ 30. Ke1 Qb7 1/2-1/2

[Event "Regionalliga Sued-Ost 1718"]
[Site "Bayern"]
[Date "2018.04.15"]
[Round "9.6"]
[White "Soergel, Thomas"]
[Black "Reisser, Simon"]
[Result "1-0"]
[WhiteElo "1985"]
[BlackElo "1920"]
[PlyCount "83"]
[EventDate "2017.10.22"]
[EventType "team-tourn"]
[EventRounds "9"]
[EventCountry "GER"]
[SourceTitle "EXT 2022"]
[Source "ChessBase"]
[SourceDate "2021.10.06"]
[SourceVersion "1"]
[SourceVersionDate "2021.10.06"]
[SourceQuality "1"]
[WhiteTeam "Graefelfing SK"]
[BlackTeam "Trostberg TSV"]
[WhiteTeamCountry "GER"]
[BlackTeamCountry "GER"]

1. c4 e5 2. g3 Nf6 3. Bg2 d5 4. cxd5 Nxd5 5. Nc3 Nb6 6. Nf3 Nc6 7. 0-0 Be7 8. d4 exd4 9. Nb5 d3 10. Qxd3 Qxd3 11. exd3 Bd8 12. Re1+ Ne7 13. Be3 Bd7 14. Nc3 Bc6 15. Bc5 f6 16. Nd4 Bxg2 17. Kxg2 Kf7 18. Ne6 Ned5 19. Re2 Nxc3 20. bxc3 Na4 21. c4 Nxc5 22. Nxc5 b6 23. Ne6 c5 24. Rae1 f5 25. Nxd8+ Rhxd8 26. Re7+ Kf8 27. Rc7 Rdc8 28. Rd7 Rd8 29. Ree7 Rxd7 30. Rxd7 h6 31. Kf3 g6 32. a4 Kg8 33. h4 Kf8 34. Kf4 Kg8 35. Ke5 Rc8 36. Kf6 Rc6+ 37. Ke5 a6 38. Rd6 Rxd6 39. Kxd6 Kf7 40. Kc6 Ke7 41. Kxb6 Kd6 42. f4 1-0

[Event "Regionalliga SO 1617"]
[Site "Bayern"]
[Date "2016.12.04"]
[Round "3.8"]
[White "Bergerhoff, Andreas"]
[Black "Soergel, Thomas"]
[Result "0-1"]
[WhiteElo "1991"]
[BlackElo "2037"]
[PlyCount "72"]
[EventDate "2016.10.16"]
[EventType "team-tourn"]
[EventRounds "9"]
[EventCountry "GER"]
[SourceTitle "EXT 2019"]
[Source "ChessBase"]
[SourceDate "2018.10.10"]
[SourceVersion "1"]
[SourceVersionDate "2018.10.10"]
[SourceQuality "1"]
[WhiteTeam "Bruckmuehl"]
[BlackTeam "Graefelfing"]
[WhiteTeamCountry "GER"]
[BlackTeamCountry "GER"]

1. c4 e6 2. e4 c5 3. Nc3 Nc6 4. g3 g6 5. Bg2 Bg7 6. d3 Nge7 7. Be3 d6 8. Qd2 0-0 9. Bh6 Nd4 10. Bxg7 Kxg7 11. h4 h5 12. Nf3 Nec6 13. Nxd4 Nxd4 14. Ne2 Nxe2 15. Kxe2 e5 16. f4 Bg4+ 17. Bf3 f5 18. Bxg4 fxg4 19. Rhf1 exf4 20. Rxf4 Rxf4 21. Qxf4 Qf6 22. Qxf6+ Kxf6 23. Rf1+ Ke6 24. Ke3 Rg8 25. b3 Rg7 26. a3 Rf7 27. Rf4 a5 28. Ke2 Rf6 29. Ke3 Ke5 30. Rxf6 Kxf6 31. Kf4 b6 32. a4 g5+ 33. hxg5+ Kg6 34. e5 dxe5+ 35. Kxe5 h4 36. Kf4 h3 0-1

[Event "Regionalliga SO 1112"]
[Site "Bayern"]
[Date "2012.03.18"]
[Round "8.6"]
[White "Steinbacher, Thomas"]
[Black "Soergel, Thomas"]
[Result "1/2-1/2"]
[WhiteElo "2080"]
[BlackElo "1989"]
[PlyCount "85"]
[EventDate "2011.10.02"]
[EventType "team-tourn"]
[EventRounds "9"]
[EventCountry "GER"]
[SourceTitle "EXT 2015"]
[Source "ChessBase"]
[SourceDate "2014.11.20"]
[SourceVersion "1"]
[SourceVersionDate "2014.11.20"]
[SourceQuality "1"]
[WhiteTeam "Pang/Rosenheim II"]
[BlackTeam "Graefelfing"]
[WhiteTeamCountry "GER"]
[BlackTeamCountry "GER"]

1. d4 d5 2. Nc3 Nf6 3. Bg5 e6 4. e4 dxe4 5. Nxe4 Be7 6. Bxf6 Bxf6 7. Nf3 0-0 8. c3 b6 9. Bd3 Bb7 10. Qc2 Nd7 11. 0-0-0 Re8 12. h4 Nf8 13. g4 a6 14. g5 Be7 15. Ne5 Bd6 16. f4 Bxe5 17. dxe5 Qe7 18. h5 Red8 19. Rhg1 Bxe4 20. Bxe4 Rxd1+ 21. Rxd1 Rd8 22. Rxd8 Qxd8 23. b4 Qd7 24. Kb2 a5 25. Qd3 axb4 26. cxb4 Qa4 27. a3 c5 28. Qd6 cxb4 29. axb4 Qa6 30. Qd3 Qa7 31. Qb5 Qb8 32. Qc6 f6 33. gxf6 gxf6 34. Qd6 Qxd6 35. exd6 Kf7 36. Kc3 Ke8 37. Bc6+ Kd8 38. Kc4 Nd7 39. h6 e5 40. Be4 exf4 41. Bxh7 Ne5+ 42. Kd4 Nf7 43. Bf5 1/2-1/2

[Event "Augsburg Afro op-A 18th"]
[Site "Augsburg"]
[Date "2011.08.07"]
[Round "7"]
[White "Soergel, Thomas"]
[Black "Hahn, Christoph"]
[Result "1-0"]
[WhiteElo "2084"]
[BlackElo "2187"]
[PlyCount "111"]
[EventDate "2011.08.04"]
[EventType "swiss"]
[EventRounds "7"]
[EventCountry "GER"]
[SourceTitle "EXT 2015"]
[Source "ChessBase"]
[SourceDate "2014.11.20"]
[SourceVersion "1"]
[SourceVersionDate "2014.11.20"]
[SourceQuality "1"]

1. c4 e6 2. Nc3 Nf6 3. d4 Bb4 4. Qc2 d5 5. e3 0-0 6. Nf3 c5 7. a3 Bxc3+ 8. bxc3 b6 9. cxd5 exd5 10. Be2 Nc6 11. 0-0 Ne4 12. dxc5 bxc5 13. c4 Bf5 14. Bd3 Re8 15. cxd5 Qxd5 16. Bc4 Qd8 17. Rd1 Qf6 18. Bb2 Qh6 19. Qb3 Rf8 20. Bd5 Rab8 21. Qc2 Rfe8 22. Bc3 Nd6 23. Qa2 Be6 24. Bxe6 Rxe6 25. Qd5 Ne4 26. Be1 Qf6 27. Qc4 h6 28. Rab1 Rbe8 29. Rdc1 Qf5 30. Nd2 Nxd2 31. Bxd2 Ne5 32. Qf1 Rg6 33. f4 Ng4 34. Rc3 Rd8 35. Rb2 Qh5 36. h3 Nf6 37. f5 Rg3 38. Be1 Rg5 39. g4 Nxg4 40. hxg4 Rxg4+ 41. Rg2 Rxg2+ 42. Qxg2 Qxf5 43. e4 Qe5 44. Qf3 Rd6 45. Bg3 Rg6 46. Kh2 Qg5 47. Rd3 c4 48. Rd5 Qe7 49. e5 Ra6 50. Rd6 Ra4 51. Qa8+ Kh7 52. Qe4+ g6 53. e6 Rxa3 54. Rd7 Ra2+ 55. Kh3 Qe8 56. Rxf7+ 1-0

[Event "Augsburg Afro op-A 18th"]
[Site "Augsburg"]
[Date "2011.08.05"]
[Round "4"]
[White "Soergel, Thomas"]
[Black "Schwarz, Michael4"]
[Result "1-0"]
[WhiteElo "2084"]
[BlackElo "1878"]
[PlyCount "69"]
[EventDate "2011.08.04"]
[EventType "swiss"]
[EventRounds "7"]
[EventCountry "GER"]
[SourceTitle "EXT 2015"]
[Source "ChessBase"]
[SourceDate "2014.11.20"]
[SourceVersion "1"]
[SourceVersionDate "2014.11.20"]
[SourceQuality "1"]

1. c4 e5 2. Nc3 Nc6 3. g3 Bc5 4. Bg2 d6 5. Nf3 Nf6 6. 0-0 Bg4 7. h3 Bf5 8. d3 Qd7 9. Kh2 h6 10. e4 Be6 11. Nd5 Nd4 12. Nxd4 Bxd4 13. f4 Bxd5 14. exd5 0-0-0 15. Rb1 exf4 16. Bxf4 g5 17. Bd2 Rdf8 18. Bc3 Bxc3 19. bxc3 Ng8 20. Qb3 b6 21. d4 h5 22. c5 h4 23. g4 Ne7 24. c6 Qd8 25. Qc4 Kb8 26. Rbe1 Ng6 27. Be4 Ne7 28. Bd3 Re8 29. Re2 Ng6 30. Bf5 Ka8 31. Rfe1 Rxe2+ 32. Rxe2 Re8 33. Rxe8 Qxe8 34. Qa6 Qb8 35. Bc8 1-0

[Event "Regionalliga SO 1011"]
[Site "Bayern"]
[Date "2010.10.24"]
[Round "2.8"]
[White "Soergel, Thomas"]
[Black "Hauschild, Rudolf Jr"]
[Result "1-0"]
[WhiteElo "2018"]
[BlackElo "1822"]
[PlyCount "113"]
[EventDate "2010.10.10"]
[EventType "team-tourn"]
[EventRounds "9"]
[EventCountry "GER"]
[SourceTitle "EXT 2012"]
[Source "ChessBase"]
[SourceDate "2011.11.24"]
[SourceVersion "1"]
[SourceVersionDate "2011.11.24"]
[SourceQuality "1"]
[WhiteTeam "Graefelfing"]
[BlackTeam "Waldkraiburg"]
[WhiteTeamCountry "GER"]
[BlackTeamCountry "GER"]

1. c4 c5 2. Nc3 Nc6 3. g3 g6 4. Bg2 Bg7 5. Nf3 Nf6 6. 0-0 0-0 7. d3 d6 8. Bg5 h6 9. Bd2 Rb8 10. Ne1 Bd7 11. Nc2 Ne8 12. Rb1 Nc7 13. b4 Ne6 14. b5 Ncd4 15. e3 Nf5 16. Nd5 Re8 17. a4 Nf8 18. e4 Nd4 19. Nxd4 cxd4 20. Qe1 b6 21. a5 Ne6 22. axb6 axb6 23. Qc1 Kh7 24. Ra1 Nc5 25. Qc2 e6 26. Nb4 Qc7 27. Ra3 Ra8 28. Rfa1 Rxa3 29. Rxa3 Rb8 30. Qa2 Bf8 31. Na6 Nxa6 32. Rxa6 e5 33. h4 Bc8 34. Ra7 Rb7 35. Ra8 Rb8 36. Qa7 Rb7 37. Qa3 Rb8 38. Ra7 Rb7 39. Ra4 Qd7 40. Kh2 Be7 41. Bb4 Kg7 42. Ra8 Qc7 43. Bh3 Bxh3 44. Kxh3 Qd7+ 45. Kg2 Kh7 46. f3 Kg7 47. Qa2 Kh7 48. c5 Qe6 49. Qxe6 fxe6 50. cxd6 Bf6 51. Rc8 Rf7 52. Rb8 Rd7 53. Rxb6 Bd8 54. Ra6 Rb7 55. Ba5 Bxa5 56. Rxa5 Kg7 57. Ra8 1-0

[Event "Regionalliga SO 1011"]
[Site "Bayern"]
[Date "2010.10.10"]
[Round "1.7"]
[White "Soergel, Thomas"]
[Black "Birkmeier, Otto"]
[Result "1/2-1/2"]
[WhiteElo "2018"]
[BlackElo "1653"]
[PlyCount "107"]
[EventDate "2010.10.10"]
[EventType "team-tourn"]
[EventRounds "9"]
[EventCountry "GER"]
[SourceTitle "EXT 2012"]
[Source "ChessBase"]
[SourceDate "2011.11.24"]
[SourceVersion "1"]
[SourceVersionDate "2011.11.24"]
[SourceQuality "1"]
[WhiteTeam "Graefelfing"]
[BlackTeam "Pang/Rosenheim II"]
[WhiteTeamCountry "GER"]
[BlackTeamCountry "GER"]

1. c4 Nf6 2. Nc3 g6 3. g3 Bg7 4. Bg2 c6 5. Nf3 d6 6. 0-0 0-0 7. d4 Nbd7 8. b3 Re8 9. Bb2 Qc7 10. Rc1 e5 11. dxe5 dxe5 12. e3 h6 13. Nd2 Nc5 14. Qc2 Bf5 15. e4 Bd7 16. f3 Ne6 17. Ne2 Nh7 18. Rfd1 Nd4 19. Nxd4 exd4 20. c5 Ng5 21. Nc4 Ne6 22. b4 b6 23. cxb6 axb6 24. a3 c5 25. Qd2 Ba4 26. Re1 b5 27. Na5 c4 28. Ba1 Rad8 29. f4 c3 30. Qd3 Nc5 31. bxc5 Qxa5 32. Rb1 Qc7 33. Rb4 Qxc5 34. e5 Bc2 35. Qxc2 d3+ 36. Qf2 Qxf2+ 37. Kxf2 d2 38. Bxc3 dxe1Q+ 39. Bxe1 Rd3 40. Rxb5 Rxa3 41. Bd5 Ra7 42. Bd2 Bf8 43. Be3 Ra3 44. Rb7 Re7 45. Rb8 Rc7 46. Rb2 Rcc3 47. Bb6 Ra6 48. Bd4 Bc5 49. Bxc5 Rxc5 50. Bf3 Kg7 51. Be4 Rca5 52. Bd3 Ra2 53. Bxa6 Rxb2+ 54. Be2 1/2-1/2

[Event "Regionalliga SO 0910"]
[Site "Bayern"]
[Date "2010.04.11"]
[Round "9.8"]
[White "Marian, Hartmut"]
[Black "Soergel, Thomas"]
[Result "1-0"]
[WhiteElo "1974"]
[BlackElo "1986"]
[PlyCount "81"]
[EventDate "2009.10.18"]
[EventType "team-tourn"]
[EventRounds "9"]
[EventCountry "GER"]
[SourceTitle "EXT 2011"]
[Source "ChessBase"]
[SourceDate "2010.11.26"]
[SourceVersion "1"]
[SourceVersionDate "2010.11.26"]
[SourceQuality "1"]
[WhiteTeam "Unterpfaffenhofen"]
[BlackTeam "Graefelfing"]
[WhiteTeamCountry "GER"]
[BlackTeamCountry "GER"]

1. d4 d5 2. Bf4 Nf6 3. e3 e6 4. Nf3 Nbd7 5. Bd3 b6 6. Nbd2 Bb7 7. 0-0 c5 8. c3 Be7 9. h3 0-0 10. Qe2 h6 11. Rad1 c4 12. Bb1 b5 13. Ne5 Nxe5 14. dxe5 Nd7 15. Nf3 Re8 16. Nd4 Qb6 17. Bh2 Bf8 18. f4 g6 19. h4 Bg7 20. h5 Nf8 21. Qg4 Kh7 22. Rf3 Bc8 23. Rg3 Re7 24. hxg6+ fxg6 25. Bxg6+ Nxg6 26. Qxg6+ Kh8 27. Rh3 Bd7 28. Rf1 Be8 29. Qg4 Bf7 30. Qh4 Rb7 31. g4 b4 32. f5 exf5 33. gxf5 Rg8 34. Kh1 bxc3 35. bxc3 h5 36. e6 Be8 37. f6 Bh6 38. f7 Bxf7 39. Be5+ Kh7 40. exf7 Rg4 41. Qxh5 1-0

[Event "Regionalliga SO 0910"]
[Site "Bayern"]
[Date "2010.01.24"]
[Round "5.8"]
[White "Winkler, Stefan2"]
[Black "Soergel, Thomas"]
[Result "0-1"]
[WhiteElo "1818"]
[BlackElo "1986"]
[PlyCount "60"]
[EventDate "2009.10.18"]
[EventType "team-tourn"]
[EventRounds "9"]
[EventCountry "GER"]
[SourceTitle "EXT 2011"]
[Source "ChessBase"]
[SourceDate "2010.11.26"]
[SourceVersion "1"]
[SourceVersionDate "2010.11.26"]
[SourceQuality "1"]
[WhiteTeam "Starnberg"]
[BlackTeam "Graefelfing"]
[WhiteTeamCountry "GER"]
[BlackTeamCountry "GER"]

1. e4 e6 2. d4 d5 3. e5 c5 4. c3 Nc6 5. Nf3 Qb6 6. Bd3 Bd7 7. 0-0 cxd4 8. cxd4 Nxd4 9. Nc3 Nxf3+ 10. Qxf3 Ne7 11. Re1 Ng6 12. Qe2 Be7 13. g3 0-0 14. h4 f5 15. h5 Nh8 16. Bf4 Bc6 17. Rad1 g5 18. hxg6 Nxg6 19. Bh6 Rf7 20. Qc2 Bf8 21. Bxf8 Raxf8 22. Kf1 Rg7 23. Na4 Bxa4 24. Qxa4 f4 25. g4 Nh4 26. Be2 f3 27. Bd3 Ng2 28. Rd2 Nxe1 29. Kxe1 Qc6 30. Qd1 Rxg4 0-1

[Event "Regionalliga SO 0910"]
[Site "Bayern"]
[Date "2009.11.29"]
[Round "3.8"]
[White "Westenthanner, Paul"]
[Black "Soergel, Thomas"]
[Result "0-1"]
[WhiteElo "1549"]
[BlackElo "1986"]
[PlyCount "36"]
[EventDate "2009.10.18"]
[EventType "team-tourn"]
[EventRounds "9"]
[EventCountry "GER"]
[SourceTitle "EXT 2011"]
[Source "ChessBase"]
[SourceDate "2010.11.26"]
[SourceVersion "1"]
[SourceVersionDate "2010.11.26"]
[SourceQuality "1"]
[WhiteTeam "Landshut"]
[BlackTeam "Graefelfing"]
[WhiteTeamCountry "GER"]
[BlackTeamCountry "GER"]

1. c3 d5 2. d4 Nf6 3. Bf4 e6 4. Nd2 Nbd7 5. Qc2 Be7 6. Ngf3 0-0 7. e3 c5 8. Ng5 h6 9. h4 Re8 10. Nh3 Nf8 11. g4 Nxg4 12. Rg1 h5 13. Be2 Bxh4 14. 0-0-0 Ng6 15. Bxg4 hxg4 16. Rxg4 e5 17. Rxg6 fxg6 18. Bxe5 Bf5 0-1

[Event "Regionalliga SO 0809"]
[Site "Bayern"]
[Date "2009.03.01"]
[Round "7.8"]
[White "Rulik, Oliver"]
[Black "Soergel, Thomas"]
[Result "1/2-1/2"]
[WhiteElo "1939"]
[BlackElo "1943"]
[PlyCount "90"]
[EventDate "2008.10.05"]
[EventType "team-tourn"]
[EventRounds "9"]
[EventCountry "GER"]
[SourceTitle "EXT 2020"]
[Source "ChessBase"]
[SourceDate "2019.10.17"]
[SourceVersion "1"]
[SourceVersionDate "2019.10.17"]
[SourceQuality "1"]
[WhiteTeam "Starnberg"]
[BlackTeam "Graefelfing"]
[WhiteTeamCountry "GER"]
[BlackTeamCountry "GER"]

1. e4 e6 2. Nc3 c5 3. Nf3 Nc6 4. d4 cxd4 5. Nxd4 Bc5 6. Be3 Qb6 7. Na4 Qa5+ 8. c3 Bxd4 9. Bxd4 Nxd4 10. b4 Nf3+ 11. gxf3 Qe5 12. Qd4 Qxd4 13. cxd4 Ne7 14. a3 d6 15. Kd2 Bd7 16. Nc3 0-0 17. Bb5 Rfd8 18. Rac1 a6 19. Bxd7 Rxd7 20. Na4 Nc8 21. Rc2 b5 22. Nb2 Ne7 23. Rhc1 f6 24. f4 Raa7 25. Ke3 Kf7 26. Nd3 Ke8 27. f3 Kd8 28. Rg2 Rac7 29. Rgc2 Rxc2 30. Rxc2 Rc7 31. Rxc7 Kxc7 32. Nc1 Kb6 33. Nb3 Nc6 34. Kd3 a5 35. d5 exd5 36. exd5 a4 37. Nd4 Nxd4 38. Kxd4 Kc7 39. Ke4 g6 40. f5 Kd7 41. Kf4 Ke7 42. Kg4 Kf7 43. f4 Kg7 44. fxg6 hxg6 45. h4 Kh6 1/2-1/2